Das "Breslauer Arzneibuch"

Titel: Das "Breslauer Arzneibuch" : Editionsproblematik bei einem Kompendium des späten 13. Jahrhunderts / Gundolf Keil
Verfasser:
In: Festkolloquium zum 80. Geburtstag von Rudolf Bentzinger (2016 : Berlin): Editionen deutscher Texte des Mittelalters - aktuelle Projekte, (2019), Seite 41-56
alle Artikel anzeigen
Veröffentlicht: 2019
Format: Aufsatz
Sprache: Deutsch
Schlagworte:
Kein Bild verfügbar
X
alg: 51820919
001A    $04504:13-05-24 
001B    $01999:13-05-24 $t22:33:09.000 
001D    $04504:13-05-24 
001U    $0utf8 
001X    $00 
002@    $0Aou 
002C    $aText $btxt $2rdacontent 
002D    $aohne Hilfsmittel zu benutzen $bn $2rdamedia 
002E    $aBand $bnc $2rdacarrier 
003@    $0518209199 
007A    $0518209199 $aHEB 
010@    $ager 
010E    $erda 
011@    $a2019 
021A    $aDas @"Breslauer Arzneibuch" $dEditionsproblematik bei einem Kompendium des späten 13. Jahrhunderts $hGundolf Keil 
028A    $BVerfasser $#Keil, G. $4aut $7119166410 $8Keil, Gundolf$Z1934- [Tp1] $9087506467 
031A    $h41-56 $j2019 
039B    $aEnthalten in $8--Aau--Festkolloquium zum 80. Geburtstag von Rudolf Bentzinger$d2016$cBerlin [Tf3]. Editionen deutscher Texte des Mittelalters - aktuelle Projekte. - Stuttgart : in Kommission bei Franz Steiner Verlag GmbH, 2019. - 205 Seiten. - ISBN 978-3-515-12316-7 $x201900000000000959 $9448012278 
044K    $RNiederschlesien $#Breslau $#Wrocław $#Wrotizla $#Breßlau $#Breßlaw $#Vroclav $#Vratislav $#Vratislavia $#Vratislauiae $#Bresslau $#Wratislavia $#Brassel $#Bresla $#Wratislava $#Smirna $#Breslavia $#Wroclaw $74008216-7 $8Breslau [Tg1] $9085014184 
044K    $RPharmakotherapie $RDroge $#Drugs $#Médicaments $#Farmaci $#Medicamentos $#drugs $#Pharmaceutical Preparations $#Arzneimittel $#Arzneimittel $#Pharmazeutische Produkte $#Fertigarzneimittel $#Therapeutikum Arzneimittel $#Medikament $#Medukamente $#Pharmakon $#Pharmaka $#Arzneistoff $#Arzneimittelwirkstoff $#Arznei $#Pharmazeutikum $#Pharmazeutika $#Pharmazeutischer Wirkstoff $#Arzneidroge $74003115-9 $8Arzneimittel [Ts1] $9084999918 
044K    $#Medicine $#Médecine $#Humanmedizin $#Heilkunst $#Medicine $74038243-6 $8Medizin [Ts1] $9085104442 
044K    $RLiteratur $RText $RWissenschaftliche Literatur $RFachbuch $RNichtfiktionale Prosa $RFachsprache $RTraktat $#Textbooks $#Manuels d'enseignement $#Fachliteratur $#Fachliteratur $#Artesliteratur $#Fachprosa $#Sachprosa $#Sachliteratur $74153493-1 $8Fachliteratur [Ts1] $9085644498 
044K    $RAusgabe $RHerausgeber $#Editing $#Édition critique $#Edición $#Editionstechnik $#Editionstätigkeit $#Textedition $#Editionswissenschaft $#Editionsphilologie $#Edieren $#Editionsvorhaben $#Editorik $74132033-5 $8Edition [Ts1] $9085473367 
045R    $aGeschichte 1270-1300 
045V    $809.08.07$jFachliteratur [Tkx] $9118844652 
045V    $803.05.00$jEditorik [Tkx] $9118844164 

lok: 51820919 62

exp: 51820919 62 1 #EPN
201B/01 $013-05-24 $t22:04:20.000 
201C/01 $013-05-24 
203@/01 $01262596270 
208@/01 $a13-05-24 $be 
209A/01 $a/ $f000 $x00 
209B/01 $a2024 $x05 
247C/01 $8Frankfurt, Bibliographie der Deutschen Sprach- und Literaturwissenschaft $9113214561 
201U/01 $0utf8 

lok: 51820919 78

exp: 51820919 78 1 #EPN
201B/01 $003-09-25 $t13:45:16.000 
201C/01 $003-09-25 
201U/01 $0utf8 
203@/01 $01317243803 
208@/01 $a03-09-25 $be 
209A/01 $a/ $f000 $x00 
209A/01 $ab*p $x01 
220C/01 $apgar 
244Z/01 $#Schlesien $#Schlesien $#Herzogtum Schlesien $#Herzogtum Schlesien Schlesien $#Provinz Schlesien $#Śla̜sk $#Slezsko $#Silesia $74052678-1 $8--Tg1--Schlesien $x02 $9085146781 
247C/01 $82080>Marburg/Lahn, Herder-Institut, Forschungsbibliothek, Bibliographieportal $9336309341
LEADER 00000caa a2200000 c 4500
001 518209199
003 DE-603
005 20240513223309.0
007 tu
008 240513s2019 xx |||| | u00||u|ger c
035 |a (DE-599)HEB518209199 
040 |a DE-603  |b ger  |c DE-603  |d DE-603  |e rda 
041 |a ger 
100 1 |a Keil, Gundolf  |d 1934-  |e Verfasser  |4 aut  |0 (DE-603)087506467  |0 (DE-588)119166410  |2 gnd 
245 0 0 |a ˜Dasœ "Breslauer Arzneibuch"  |b Editionsproblematik bei einem Kompendium des späten 13. Jahrhunderts  |c Gundolf Keil 
264 0 |c 2019 
336 |a Text  |b txt  |2 rdacontent 
337 |a ohne Hilfsmittel zu benutzen  |b n  |2 rdamedia 
338 |a Band  |b nc  |2 rdacarrier 
648 7 |a Geschichte 1270-1300  |2 gnd 
650 7 |a Arzneimittel  |0 (DE-588)4003115-9  |0 (DE-603)084999918  |2 gnd 
650 7 |a Medizin  |0 (DE-588)4038243-6  |0 (DE-603)085104442  |2 gnd 
650 7 |a Fachliteratur  |0 (DE-588)4153493-1  |0 (DE-603)085644498  |2 gnd 
650 7 |a Edition  |0 (DE-588)4132033-5  |0 (DE-603)085473367  |2 gnd 
651 7 |a Breslau  |0 (DE-588)4008216-7  |0 (DE-603)085014184  |2 gnd 
773 0 8 |i Enthalten in  |a Festkolloquium zum 80. Geburtstag von Rudolf Bentzinger (2016 : Berlin)  |t Editionen deutscher Texte des Mittelalters - aktuelle Projekte  |d Stuttgart : in Kommission bei Franz Steiner Verlag GmbH, 2019  |h 205 Seiten, 21 cm, 306 g  |z 9783515123167  |z 9783944795089  |z 3515123164  |g (2019), Seite 41-56  |w (DE-603)448012278 
924 0 |9 603  |a (DE-603)1262596270  |b DE-603  |c HES  |d d 
924 0 |9 2080  |a (DE-603)1317243803  |b DE-2080  |c HES  |d d  |g /